|
|
|
|
| LEADER |
00000cam a2200000 7i4500 |
| 001 |
0000037548 |
| 005 |
20131008.0 |
| 008 |
131007 |
| 020 |
|
|
|a 9676124050
|
| 090 |
0 |
0 |
|a 641.8654
|b HIM
|
| 245 |
1 |
0 |
|a Himpunan resipi biskut pasti jadi pilihan terbaik
|
| 260 |
|
|
|a KL :
|b Utusan Pub. & Dist. Sdn Bhd ,
|c 2010
|
| 650 |
|
0 |
|a Biscuits
|
| 650 |
|
0 |
|a Cookies
|
| 650 |
|
0 |
|a Recipes
|
| 999 |
|
|
|a 0001242580
|b Book
|c Adult Collection
|e Cawangan Mersing
|
| 999 |
|
|
|a 0001242582
|b Book
|c Adult Collection
|e Cawangan Kota Tinggi
|
| 999 |
|
|
|a 0001242584
|b Book
|c Adult Collection
|e Cawangan Segamat
|
| 999 |
|
|
|a 0001242586
|b Book
|c Adult Collection
|e Cawangan Tmn. Ungku Tun Aminah
|
| 999 |
|
|
|a 0001242588
|b Book
|c Adult Collection
|e Cawangan Bukit Gambir
|
| 999 |
|
|
|a 0001242589
|b Book
|c Adult Collection
|e Cawangan Tangkak
|
| 999 |
|
|
|a 0001242591
|b Book
|c Adult Collection
|e Cawangan Bandar Tenggara
|
| 999 |
|
|
|a 0001242592
|b Book
|c Adult Collection
|e Cawangan Bandar Penawar
|
| 999 |
|
|
|a 0001242902
|b Book
|c Adult Collection
|e Perbadanan Perpustakaan Awam Johor
|
| 999 |
|
|
|a 0001242903
|b Book
|c Adult Collection
|e Perbadanan Perpustakaan Awam Johor
|
| 999 |
|
|
|a 0001242904
|b Book
|c Adult Collection
|e Perbadanan Perpustakaan Awam Johor
|
| 999 |
|
|
|a 0001242905
|b Book
|c Adult Collection
|e Cawangan Urban Transformation Centre
|